Journal of the Society of Architectural Historians.
| Autor corporatiu: | |
|---|---|
| Format: | Revista |
| Idioma: | English |
| Publicat: |
Urbana, Ill. :
The Society,
[1947]-
|
| Matèries: | |
| Accés en línia: | Full text available on JASH (2016 -) Full text available on JSTOR (1945-2015) |
| Publicació relacionada: | Also issue online:
Journal of the Society of Architectural Historians (Online) Microform version: Journal of the Society of Architectural Historians Microfilm version: Journal of the Society of Architectural Historians Continua: Journal of the American Society of Architectural Historians |
| LEADER | 04391cas a2200781 i 4500 | ||
|---|---|---|---|
| 001 | 11142360 | ||
| 003 | BD-DhAAL | ||
| 005 | 20180213122037.0 | ||
| 008 | 760824c19469999pauqr p 0 a0eng c | ||
| 999 | |c 39117 |d 39117 | ||
| 010 | |a 45040411 | ||
| 016 | 7 | |a 010487141 |2 Uk | |
| 016 | 7 | |a AA00707211 |2 JP-ToKJK | |
| 016 | |a (AMICUS)000003392490 | ||
| 022 | 0 | |a 0037-9808 |2 1 | |
| 032 | |a 285160 |b USPS | ||
| 035 | |a (OCoLC)ocm02392510 | ||
| 037 | |b Society of Architectural Historians, 1232 Pine Street, Philadelphia, PA 19107-5944 | ||
| 040 | |a UDI |b eng |e rda |c UDI |d YUS |d NYG |d FUG |d DLC |d NSD |d AIP |d OCL |d NST |d WAU |d DLC |d SYS |d OCLCQ |d NSD |d OCLCQ |d CUS |d DLC |d OCLCQ |d WAU |d OCLCQ |d UKMGB |d OCLCQ |d OCLCF |d OCLCQ |d OCLCO |d MYG |d FC@ |d PAU |d NLC |d AVA |d NDD |d BD-DhAAL | ||
| 042 | |a pcc |a nsdp | ||
| 050 | 0 | 0 | |a NA1 |b .A327 |
| 082 | 0 | 4 | |a 720/.9 |2 19 |
| 210 | 0 | |a J. Soc. Archit. Hist. | |
| 222 | 0 | |a Journal of the Society of Architectural Historians | |
| 245 | 0 | 0 | |a Journal of the Society of Architectural Historians. |
| 246 | 1 | 3 | |a JSAH |f Dec. 1994- |
| 264 | 1 | |a Urbana, Ill. : |b The Society, |c [1947]- | |
| 300 | |a volumes : |b illustrations, maps ; |c 28 cm | ||
| 310 | |a Quarterly | ||
| 362 | 0 | |a Vol. 5 (1945-46)- | |
| 500 | |a Title from cover. | ||
| 500 | |a Published <1994-> at: Philadelphia, PA. | ||
| 515 | |a Vol. 5 complete in one issue. | ||
| 525 | |a Includes special issues. | ||
| 530 | |a Also issued online. | ||
| 555 | |a Vols. 1 (1941)-20 (1961) (includes index to earlier title). 1 v. | ||
| 590 | |a SERBIB/SERLOC merged record | ||
| 650 | 0 | |a Architecture |x History |v Periodicals. |9 24947 | |
| 650 | 0 | |a Architecture |v Periodicals. |9 24948 | |
| 650 | 7 | |a Architecture. |2 fast |9 24949 | |
| 650 | 4 | |a PRO Gotham Book Mart (former owner) (Gotham Book Mart Collection copy) |9 24950 | |
| 650 | 6 | |a Architecture |x Histoire |x Přiodiques. |9 24951 | |
| 650 | 6 | |a Architecture |v Přiodiques. |9 24952 | |
| 655 | 7 | |a History. |2 fast |9 24953 | |
| 655 | 7 | |a Periodicals. |2 fast |9 24954 | |
| 655 | 7 | |a Electronic journals. |2 aat |9 24955 | |
| 655 | 7 | |a Periodicals |z U.S.A. |y 1945-9999. |2 aat |9 24956 | |
| 710 | 2 | |a Society of Architectural Historians. |9 24957 | |
| 776 | 0 | 8 | |i Also issue online: |t Journal of the Society of Architectural Historians (Online) |x 2150-5926 |w (DLC) 2004235648 |w (OCoLC)46849067 |
| 776 | 0 | 8 | |i Microform version: |a Society of Architectural Historians. |t Journal of the Society of Architectural Historians |x 0037-9808 |w (OCoLC)20072667 |
| 776 | 0 | 8 | |i Microfilm version: |t Journal of the Society of Architectural Historians |x 0037-9808 |w (OCoLC)11199680 |
| 780 | 0 | 0 | |t Journal of the American Society of Architectural Historians |x 1544-9890 |w (DLC)sn 95043387 |w (OCoLC)5522422 |
| 850 | |a CoU |a DLC |a MMeT |a MWH |a NcD |a NcRS |a NjR |a NvU |a PU |a ViBlbV |a ViU |a WaU | ||
| 853 | 3 | 3 | |8 1 |a v. |b no. |u 4 |v r |i (year) |j (month) |
| 856 | |3 Full text available on JASH (2016 -) |u http://jsah.ucpress.edu/ | ||
| 856 | |3 Full text available on JSTOR (1945-2015) |u https://www.jstor.org/journal/jsociarchhist | ||
| 863 | 4 | 0 | |8 1 |a <1>- |i <1941>- |x provisional |
| 906 | |a 7 |b cbc |c serials |d 3 |e ncip |f 19 |g n-oclcserc | ||
| 942 | |2 ddc |c CR |s 1 | ||
| 984 | |a srvf |d 2002-04-08 | ||
| 952 | |0 0 |1 0 |2 ddc |4 0 |6 720_000000000000000__9 |7 0 |8 REF |9 62731 |a BRACUL |b BRACUL |c REF |d 2018-02-13 |h Vol. 76, No. 01 ( March 2017) |l 0 |o 720.9 |r 2018-02-13 |y CR | ||
| 952 | |0 0 |1 0 |2 ddc |4 0 |6 720_000000000000000__9 |7 0 |8 REF |9 62733 |a BRACUL |b BRACUL |c REF |d 2018-02-13 |h Vol. 76, No. 02 ( June 2017) |l 0 |o 720.9 |r 2018-02-13 |y CR | ||
| 952 | |0 0 |1 0 |2 ddc |4 0 |6 720_000000000000000__9 |7 0 |8 REF |9 62734 |a BRACUL |b BRACUL |c REF |d 2018-02-13 |h Vol. 76, No. 03 ( September 2017) |l 0 |o 720.9 |r 2018-02-13 |y CR | ||
| 952 | |0 0 |1 0 |2 ddc |4 0 |6 720_000000000000000__9 |7 0 |8 REF |9 62735 |a BRACUL |b BRACUL |c REF |d 2018-02-13 |h Vol. 76, No. 04 ( December 2017) |l 0 |o 720.9 |r 2018-02-13 |y CR | ||
| 952 | |0 0 |1 0 |2 ddc |4 0 |6 720_000000000000000__9 |7 0 |9 63310 |a BRACUL |b BRACUL |c REF |d 2018-05-17 |h Vol. 75, No. 01 ( March 2016) |l 0 |o 720.9 |r 2018-05-17 |y CR | ||
| 952 | |0 0 |1 0 |2 ddc |4 0 |6 720_000000000000000__9 |7 0 |8 REF |9 63311 |a BRACUL |b BRACUL |c REF |d 2018-05-17 |h Vol. 75, No. 02 ( June 2016) |l 0 |o 720.9 |r 2018-05-17 |y CR | ||
| 952 | |0 0 |1 0 |2 ddc |4 0 |6 720_000000000000000__9 |7 0 |8 REF |9 63312 |a BRACUL |b BRACUL |c REF |d 2018-05-17 |h Vol. 75, No. 03 (September 2016) |l 0 |o 720.9 |r 2018-05-17 |y CR | ||
| 952 | |0 0 |1 0 |2 ddc |4 0 |6 720_000000000000000__9 |7 0 |8 REF |9 63313 |a BRACUL |b BRACUL |c REF |d 2018-05-17 |h Vol. 75, No. 04 (December 2016) |l 0 |o 720.9 |r 2018-05-17 |y CR | ||